000 00339nam a22001457a 4500
008 210309b ||||| |||| 00| 0 eng d
020 _a9780781767491
041 _aeng
080 _211th
_a610.73
082 _a610.73
100 _a1
101 _aINF
245 _aTextbook of Medical-Surgical Nursing
_cJohnson, J.Y
942 _2udc
_cBK
999 _c56058
_d56058